Question | Tile | Select | % Correct |
---|---|---|---|
Allegiance Between • Deadly Fever • Thunder Lightning • Loud Sound | No | 100%
| |
Allegiance Between • Deadly Fever • Thunder Lightning • Loud Sound | No | 100%
| |
Allegiance Between • Deadly Fever • Thunder Lightning • Loud Sound | No | 100%
| |
Allegiance Between • Deadly Fever • Thunder Lightning • Loud Sound | No | 80%
| |
Sixteen Million • Water Glasses • Seems Like • Banner Times | No | 80%
| |
Nobody's Slave • Breakin' Chains • European Mountain • Stone Island | No | 80%
| |
Caesar Glory • Falling Apart • Innocent Girl • Over Sleeps | No | 80%
| |
Sixteen Million • Water Glasses • Seems Like • Banner Times | No | 80%
| |
Sixteen Million • Water Glasses • Seems Like • Banner Times | No | 80%
| |
Nobody's Slave • Breakin' Chains • European Mountain • Stone Island | No | 80%
| |
Sixteen Million • Water Glasses • Seems Like • Banner Times | No | 80%
| |
Allegiance Between • Deadly Fever • Thunder Lightning • Loud Sound | No | 80%
| |
Allegiance Between • Deadly Fever • Thunder Lightning • Loud Sound | No | 80%
| |
Caesar Glory • Falling Apart • Innocent Girl • Over Sleeps | No | 80%
| |
Caesar Glory • Falling Apart • Innocent Girl • Over Sleeps | No | 60%
| |
Nobody's Slave • Breakin' Chains • European Mountain • Stone Island | No | 60%
| |
Driver Mirror • Light Strikes • Sugar Spoon • Chrome Diamond | No | 60%
| |
Nobody's Slave • Breakin' Chains • European Mountain • Stone Island | No | 60%
| |
Nobody's Slave • Breakin' Chains • European Mountain • Stone Island | No | 60%
| |
American Heroes • Leave Home • Gonna Fight • Wasted Youth | No | 60%
| |
Nobody's Slave • Breakin' Chains • European Mountain • Stone Island | No | 60%
| |
American Heroes • Leave Home • Gonna Fight • Wasted Youth | No | 60%
| |
Driver Mirror • Light Strikes • Sugar Spoon • Chrome Diamond | No | 60%
| |
Nobody's Slave • Breakin' Chains • European Mountain • Stone Island | No | 60%
| |
Driver Mirror • Light Strikes • Sugar Spoon • Chrome Diamond | No | 60%
| |
Caesar Glory • Falling Apart • Innocent Girl • Over Sleeps | No | 60%
| |
Sixteen Million • Water Glasses • Seems Like • Banner Times | No | 60%
| |
Allegiance Between • Deadly Fever • Thunder Lightning • Loud Sound | No | 60%
| |
Sixteen Million • Water Glasses • Seems Like • Banner Times | No | 60%
| |
Caesar Glory • Falling Apart • Innocent Girl • Over Sleeps | No | 60%
| |
Driver Mirror • Light Strikes • Sugar Spoon • Chrome Diamond | No | 60%
| |
Circus Life • Animal Eyes • Human Machine • Sex Crime | No | 60%
| |
Sixteen Million • Water Glasses • Seems Like • Banner Times | No | 60%
| |
Caesar Glory • Falling Apart • Innocent Girl • Over Sleeps | No | 60%
| |
Caesar Glory • Falling Apart • Innocent Girl • Over Sleeps | No | 60%
| |
Driver Mirror • Light Strikes • Sugar Spoon • Chrome Diamond | No | 60%
| |
Circus Life • Animal Eyes • Human Machine • Sex Crime | No | 60%
| |
Driver Mirror • Light Strikes • Sugar Spoon • Chrome Diamond | No | 40%
| |
Circus Life • Animal Eyes • Human Machine • Sex Crime | No | 40%
| |
Circus Life • Animal Eyes • Human Machine • Sex Crime | No | 40%
| |
Circus Life • Animal Eyes • Human Machine • Sex Crime | No | 40%
| |
Circus Life • Animal Eyes • Human Machine • Sex Crime | No | 40%
| |
Pledge Oath • Livin' Loose • Perfect Service • Enough Expectations | No | 40%
| |
Pledge Oath • Livin' Loose • Perfect Service • Enough Expectations | No | 40%
| |
Pledge Oath • Livin' Loose • Perfect Service • Enough Expectations | No | 40%
| |
Circus Life • Animal Eyes • Human Machine • Sex Crime | No | 40%
| |
Caesar Glory • Falling Apart • Innocent Girl • Over Sleeps | No | 40%
| |
American Heroes • Leave Home • Gonna Fight • Wasted Youth | No | 40%
| |
American Heroes • Leave Home • Gonna Fight • Wasted Youth | No | 40%
| |
American Heroes • Leave Home • Gonna Fight • Wasted Youth | No | 40%
| |
American Heroes • Leave Home • Gonna Fight • Wasted Youth | No | 40%
| |
Allegiance Between • Deadly Fever • Thunder Lightning • Loud Sound | No | 40%
| |
Nobody's Slave • Breakin' Chains • European Mountain • Stone Island | No | 40%
| |
Pledge Oath • Livin' Loose • Perfect Service • Enough Expectations | No | 20%
| |
Pledge Oath • Livin' Loose • Perfect Service • Enough Expectations | Yes | 20%
| |
Pledge Oath • Livin' Loose • Perfect Service • Enough Expectations | No | 20%
| |
Pledge Oath • Livin' Loose • Perfect Service • Enough Expectations | No | 20%
| |
Sixteen Million • Water Glasses • Seems Like • Banner Times | No | 20%
| |
Pledge Oath • Livin' Loose • Perfect Service • Enough Expectations | No | 20%
| |
Sixteen Million • Water Glasses • Seems Like • Banner Times | Yes | 20%
| |
Driver Mirror • Light Strikes • Sugar Spoon • Chrome Diamond | No | 20%
| |
Caesar Glory • Falling Apart • Innocent Girl • Over Sleeps | Yes | 20%
| |
Circus Life • Animal Eyes • Human Machine • Sex Crime | Yes | 20%
| |
Driver Mirror • Light Strikes • Sugar Spoon • Chrome Diamond | Yes | 20%
| |
Nobody's Slave • Breakin' Chains • European Mountain • Stone Island | Yes | 20%
| |
Driver Mirror • Light Strikes • Sugar Spoon • Chrome Diamond | No | 20%
| |
American Heroes • Leave Home • Gonna Fight • Wasted Youth | Yes | 20%
| |
American Heroes • Leave Home • Gonna Fight • Wasted Youth | No | 20%
| |
Circus Life • Animal Eyes • Human Machine • Sex Crime | No | 20%
| |
American Heroes • Leave Home • Gonna Fight • Wasted Youth | No | 20%
| |
Pledge Oath • Livin' Loose • Perfect Service • Enough Expectations | No | 0%
| |
Allegiance Between • Deadly Fever • Thunder Lightning • Loud Sound | Yes | 0%
|
Copyright H Brothers Inc, 2008–2024
Contact Us | Go To Top | View Mobile Site